The Most Famous Game On Roblox From A-Z - Statistics

General Stats
  • This quiz has been taken 36 times
  • The average score is 3 of 26
Answer Stats
Letter Answer % Correct
A Adopt Me
96%
J Jailbreak
40%
W Welcome To Bloxburg
28%
B Brookhaven RP
20%
P Pet Simulator 99
16%
D Dress To Impress
12%
F Flee The Facility
12%
H Hide And Seek Extreme
12%
R Rainbow Friends
12%
C Catalog Avatar Creator
8%
E Evade
8%
N Natural Disaster Survival
8%
T The Strongest Battlegrounds
8%
I Item Asylum
4%
L LifeTogether RP
4%
O Obby Creator
4%
S Sol's RNG
4%
U Untitled Tag Game
4%
V Vehicle Legends
4%
Z Zombie Uprising
4%
G Gacha Online RP
0%
K King Legacy
0%
M Muder Mystery 2
0%
Q Quiz Race
0%
X Xolo
0%
Y Youtuber Tycoon
0%
No matching quizzes found
Score Distribution
Percent of People with Each Score
Percentile by Number Answered
Your Score History
You have not taken this quiz